Kappaleen nimi sanoituksissa #13 - Statistics

Yleistilastot
  • Tätä visaa on pelattu 125 kertaa
  • Keskiarvotulos 9 / 20
Vastaustilastot
Sanat % Oikein
Saat multa horsman, se {rentun} {ruusu} on / Sen poimin tuolta maantienojasta
78%
Nyt lähden tanssimaan / Niinku {cha} {cha} {cha} / Enkä pelkääkään tätä maailmaa
75%
Ajan omaa {kaistaa} viel ku on aikaa / Vielä ku on bensaa suonissa
73%
Keitä ne on, ne {sankarit} / Sellaiset sankarimiehet / Joita koko valtakunta arvostaa?
73%
Tullaan viisaammiksi näin / {Juodaan} {viinaa} / On todellisuus piinaa hetkittäin selvinpäin
59%
{Sokka} {irti}, mä vedin päivin öin / Läträsin vaan kesän, duunit laiminlöin
54%
{Sinä} {vain}, ei muut mua huomiseen saa jaksamaan / {Sinä} {vain}, yksin pystyt mulle voimaa antamaan
52%
Mul ei oo enää kiire eikä mua haittaa se / Jos mä pääsen {hitaammin} {hautaan}
50%
Välimatka piinaa ja painaa mua / Kuka päättää, ketkä saa onnistua / {Oo} {siellä} {jossain} {mun}
49%
{Mies}, {jonka} {ympäriltä} {tuolit} {viedään} / Mies, jonka etunimi mieleen ei jää
47%
Mulla on {kolme} {hyvää} {vinkkiä} / Miten elää hyvä elämä / Miten treenaan pohkeita / Ja mihin sopii viikuna
47%
Niin moni tarjoaa vain pelkkiä kuoria / Niin moni tulee vastaan, {kuka} {on} {se} {oikea}?
47%
Kun katsoo maailmaa {enkelin} {silmin} / Niin nähdä voi sen kauneuden
45%
Täältä kun lähdit, on tilallasi sun / Vaan outo tyhjyys ja {ihana} {kipu} / Tuutko poistamaan sen?
42%
{Mitä} {kuuluu} {Marja-Leena} / Vieläkös sun ihanteena / On Beatles ja George Harrison
40%
Hei {lopeta}, et saa / Mua susta välittämään / Sun pitäis se jo ymmärtää
39%
Sä {surun} {pyyhit} {silmistäni} pois / Kuin totta olla kaunis uni vois
20%
Tuodaan takas ne {hullut} {päivät} / Niin kuin ne ei olis koskaan loppuneetkaan
13%
{Bonsaipuu} ei kasvaa saa / Vuodesta toiseen oksat karsitaan / Nurkassa paikallaan on hiljaa
11%
Tuo mulle {lämpöö}, vie mut aurinkoon / Valmiina lähtöön, ota mua kädestä kii
10%
Ehtoja vastaavia visoja ei löytynyt
Tulosjakauma
Jokaisen tuloksen saaneiden osuus
Persentiili vastausten määrän mukaan
Tuloshistoriasi
Et ole pelannut tätä visaa